Statistics for Movie Plots by Emoji

Click here to take the quiz!

General Stats

  • This quiz has been taken 12,191 times
  • The average score is 12 of 20

Answer Stats

Emojis Year Movie % Correct
1984Ghostbusters
89%
1982E.T.
86%
1938The Wizard of Oz
77%
1994Forrest Gump
74%
1965The Sound of Music
72%
2000Cast Away
72%
2012Life of Pi
71%
1972The Godfather
67%
2009Up
64%
1968Planet of the Apes
61%
1960Psycho
61%
1995Babe
56%
1951Alice in Wonderland
55%
1971Willy Wonka and the
Chocolate Factory
55%
2009The Hangover
53%
2008WALL·E
48%
1989Field of Dreams
44%
1996Happy Gilmore
42%
1994Ace Ventura: Pet Detective
38%
2003Kill Bill: Vol. 1
36%

Score Distribution

Percentile by Number Answered

Percent of People with Each Score

Your Score History

You have not taken this quiz